01098cam a22002651 450000100060000000300080000600500170001400800410003103500200007203500190009204000290011104100080014008200270014810000460017524501040022126000780032530000700040350400380047360000610051165000250057265100460059794200120064399900170065595201600067224827BD-RjUL20211209001113.0140315r19491933enkabc b 001 0 eng d a(BD-RjUL) 24896 a(OCoLC)2043440 aDLCcFJUNFdBD-RjULbeng aeng00a942.0690924bCHM 19491 aChurchill, Winston S.,d1874-1965.97643210aMarlborough : His life and times /nVolume -1pConsisting of volumes I and II of the original work aLondon ;aBombay [etc] :bG.G. Harrapand Co. Ltd.,c1933 [Reprinted 1949] a1049 p. :billus., ports., maps (part fold., part col.) ;c23 cm. aIncludes Bibliography and index.10aMarlborough, John Churchill,cDuke of,d1650-1722976436 aGreat Britain976434 0aGreat BritainxHistoryy1660-1714.976405 2ddccBK c24827d24827 00102ddc3V-140728NFICaRUCLbRUCLcReadingd1956-02-13eO.B.M stationaryg52.00l0o942.0690924 CHM 1949r2014-03-15 00:00:00tC-1w2014-03-15yBK